| 000 | 005710000a22001930004500 | ||
|---|---|---|---|
| 090 |
_aAR _b03197 |
||
| 245 | 1 | 0 | _aEstudios sobre plantas andinas, X |
| 650 | 1 | 4 |
_aEstudios florísticos _995643 |
| 650 | 1 | 4 |
_aBotánica _9361 |
| 650 | 1 | 4 |
_aNuevas especies _992905 |
| 650 | 1 | 4 |
_aTaxonomía vegetal _992262 |
| 650 | 1 | 4 |
_aMorfología vegetal _918295 |
| 650 | 1 | 4 |
_aDistribución geográfica _992997 |
| 650 | 1 | 4 |
_aInventarios de vegetación _993148 |
| 041 | 0 | _aEspañol | |
| 100 | 1 |
_aCuatrecasas, José _911935 |
|
| 942 | _cARTICULO | ||
| 773 | 1 |
_tCaldasia _345 _h46 _q3-25 _d1967 _g10 |
|
| 999 |
_c12252 _d12252 |
||